000 02438pam a2200493 c 4500
001 1029938164
003 DE-101
005 20240224222710.0
007 tu
008 130121s2012 gw ||||| |||| 00||||ger
015 _a13,B08
_z13,N05
_2dnb
016 7 _2DE-101
_a1029938164
020 _a9783864240836
_cGewebe : EUR 39.00 (DE), EUR 40.10 (AT), sfr 51.90 (freier Pr.)
024 3 _a9783864240836
035 _a(DE-599)DNB1029938164
035 _a(OCoLC)828198938
040 _a1245
_bger
_cDE-101
_d9999
041 _ager
044 _cXA-DE-RP
082 0 4 _83\u
_a929.3434145
_qDE-101
_222/ger
083 7 _a920
_a943
_qDE-101
_223sdnb
085 _83\u
_b929.3
085 _83\u
_z2
_s434145
090 _ab
100 1 _81\p
_aWestermann, Marie-Luise
_eVerfasser
_4aut
245 1 0 _aOrtsfamilienbuch Großen-Linden
_cvon Marie-Luise Westermann. Unter Mitarb. von Gerd Gramlich
264 1 _aPlaidt
_bCardamina-Verl. Breuel
_c2012
300 _a621 S.
_c31 cm
336 _aText
_btxt
_2rdacontent
337 _aohne Hilfsmittel zu benutzen
_bn
_2rdamedia
338 _aBand
_bnc
_2rdacarrier
490 1 _aReihe deutscher Ortssippenbücher
_vBd. 00.716
500 _aInhaltsverzeichnis 003 Vorwort 004 Inhaltsverzeichnis 005 Einleitung 006 Quellen- und Literaturverzeichnis 007 Abkürzungen und Worterklärungen 008 Erläuterungen zu den Verzeichnissen 009 Familienverzeichnis 1571 - 1818 293 Verzeichnis der Ehefrauen 320 Verzeichnis der Verstorbenen 1717 - 1818 371 Index der Namen im Famiienverzeichnis 408 Index der Ortsnamen im Familienverzeichnis
500 _aInhalt 005 Nachrichten und Vorworte 011 Tipps zur Benutzung 013 Die Familien 593 Register der Berufe 600 Register der Titel und Ehrenämter 601 Register der Todesursachen 602 Register der Orte 611 Register der Namen
653 _a(Produktform)Hardback
653 _a(VLB-WN)1558: Hardcover, Softcover / Geschichte/Regionalgeschichte, Ländergeschichte
700 1 _82\p
_aGramlich, Gerd
_eMitwirkender
_4ctb
830 0 _aDeutsche Ortssippenbücher
_vBd. 00.716
_w(DE-101)101500783X
_w(DE-600)2626990-9
_910 3716
_7as
856 4 2 _mB:DE-101
_qapplication/pdf
_uhttps://d-nb.info/1029938164/04
_3Inhaltsverzeichnis
883 2 _81\p
_adnb
_d20200610
_qDE-101
_uhttps://d-nb.info/provenance/plan#dnb
883 1 _82\p
_avlb
_d20200610
_qDE-101
_uhttps://d-nb.info/provenance/plan#vlb
942 _2z
_cBU
_n0
999 _c2537
_d2537